000 00699nam a22002177a 4500
999 _c106
_d106
003 OSt
005 20200310150712.0
008 200310b ||||| |||| 00| 0 eng d
020 _a9781856424271
040 _aKABLIB
_cKABLIB
082 _223
_a613
_bPRO
100 _aEdited by Marland,Glenn R.
_9391
245 _aPromoting Concordance in Mental Health /
_cedited by Lisa McNay.
260 _aLondon:
_bQyay Books,
_cc2012.
300 _axvi, 221p.;
_bill. (B and W) :
_c21cm.
500 _aIncludes: References (P. 197-215)
500 _aIncludes: Index (P. 217-221)
650 _aHealth Care
_9392
700 _aEdited by Glenn R. Marland, Lisa McNay and Austyn Snowden
_9393
942 _2ddc
_cBOOK